Statistics for Overwatch Contenders Champions - Korea

Click here to take the quiz!

General Stats

  • This quiz has been taken 52 times
    (10 since last reset)
  • The average score is 3 of 7

Answer Stats

YearTournamentWinner% Correct
2022Pacific ShowdownO2 Blast
90%
2019Season 2RunAway
90%
2019Season 1Element Mystic
60%
2023Spring SeriesPoker Face
40%
2020Season 2WGS Phoenix
20%
2023Summer SeriesNT
10%
2018Season 1X6-Gaming
10%

Score Distribution

Percentile by Number Answered

Percent of People with Each Score

Your Score History

You have not taken this quiz since the last reset